000 00513nam a2200181Ia 4500
005 20250423101613.0
008 250422s9999 xx 000 0 und d
020 _a9780473505
050 _aJQ 3098 .U35/
100 _aUjo, Abdulhameed A.
245 0 _aUnderstanding elections : a guide for students and election managers
260 _aNigeria
260 _bAnyaotu Enterprises and Publishers
260 _c2002
300 _a303 p
650 _aElections--Nigeria--Handbooks, manuals, etc.
942 _cBK
999 _c36734
_d36734